|
|
|
|
| LEADER |
01548nam a2200301 i 4500 |
| 001 |
c000253309 |
| 003 |
CARM |
| 005 |
00000000000000.0 |
| 008 |
840720s1969 gw 0 eng d |
| 019 |
1 |
|
|a 9246414
|z 45107678
|z 7207094
|5 LACONCORD2021
|
| 035 |
|
|
|a (OCoLC)604053
|5 LACONCORD2021
|
| 082 |
0 |
4 |
|a 329.943
|
| 100 |
1 |
|
|a Miller, Susanne.
|
| 245 |
1 |
4 |
|a Die Regierung der Volksbeauftragten 1918/19 /
|c Eingeleitet von Erich Matthias ; Bearb. von Susanne Miller unter Mitwirkung von Heinrich Potthoff.
|
| 260 |
|
|
|a Dusseldorf :
|b Droste,
|c [1969].
|
| 300 |
|
|
|a 2 v.
|
| 490 |
1 |
|
|a Quellen zur Geschichte des Parlamentarismus und der politischen Parteien. 1. Reihe: Von der konstitutionellen Monarchie zur parlamentarischen Republik ;
|v Bd. 6
|
| 610 |
1 |
0 |
|a Germany.
|b Reichstag
|x History.
|
| 650 |
|
0 |
|a Political parties
|z Germany
|x History.
|
| 651 |
|
0 |
|a Germany
|x Politics and government
|y 1918-1933.
|
| 700 |
1 |
|
|a Potthoff, Heinrich.
|
| 700 |
1 |
|
|a Matthias, Erich.
|
| 830 |
|
0 |
|a Quellen zur Geschichte des Parlamentarismus und der politischen Parteien.
|n Erste Reihe.
|p Von der konstitutionellen Monarchie zur parlamentarischen Republik ;
|v Bd. 6.
|
| 852 |
8 |
|
|b CARM
|h A1:AP15F0
|i C08745
|p 0334155
|f BK
|
| 852 |
8 |
|
|b CARM
|h A1:AP15F0
|i C08745
|p 0334156
|f BK
|
| 999 |
f |
f |
|i ad14a4e8-6f5c-5cff-8af6-0e4e3c56edb3
|s 5e0742f8-2b83-54c2-a36a-d8587ad835ae
|
| 952 |
f |
f |
|p Can circulate
|a CAVAL
|b CAVAL
|c CAVAL
|d CARM 1 Store
|e C08745
|f A1:AP15F0
|h Other scheme
|i book
|m 0334155
|
| 952 |
f |
f |
|p Can circulate
|a CAVAL
|b CAVAL
|c CAVAL
|d CARM 1 Store
|e C08745
|f A1:AP15F0
|h Other scheme
|i book
|m 0334156
|